| 000 | 00535nam a22001697a 4500 | ||
|---|---|---|---|
| 003 | NUST | ||
| 038 | _aNusrat Nadeem | ||
| 082 | _a200 | ||
| 100 |
_aHanif, Sadia _9123225 |
||
| 245 |
_aBI-Metallic ZIF Derived Electrocatalyst for Fuel Cell / _cSadia Hanif |
||
| 264 |
_aIslamabad; _bUSPCASE NUST; _c2021; |
||
| 300 |
_a91,p; _bill; _c30,cm. |
||
| 650 |
_aPhD- Energy Systems Engineering _9123158 |
||
| 700 |
_aSupervisor : Dr Naseem Iqbal _9116819 |
||
| 856 | _uhttp://10.250.8.41:8080/xmlui/handle/123456789/23475 | ||
| 942 |
_2ddc _cTHE |
||
| 999 |
_c609482 _d609482 |
||